Un lejano cuento de magia

Guardat en:
Dades bibliogràfiques
Autors principals: Oliva Reyman, Paolo (autor), Salas Hidalgo, Marlon (Autor)
Format: Llibre
Idioma:espanyol
Publicat: Viña del Mar Altazor 2010
Matèries:
Etiquetes: Afegir etiqueta
Sense etiquetes, Sigues el primer a etiquetar aquest registre!

MARC

LEADER 00000cam a2200000 a 4500
001 UCF2597
003 CL-VaPUC
008 120830e20100000CL |||||||||||||||||spa|d
020 |a 9789567472666 
082 0 4 |a Ch863  |b OLI  |2 21 
100 |a Oliva Reyman, Paolo  |e autor  |9 564301 
700 0 |a Salas Hidalgo, Marlon  |e author  |9 564302 
245 1 3 |a Un lejano cuento de magia 
300 |a v 
942 |c BK 
945 |d 20120830 00:00:00  |a dcastane 
260 |a Viña del Mar  |b Altazor  |c 2010 
500 |a v.1: ángel protector 
650 0 |a Cuentos chilenos   |9 308280 
650 0 |a Literatura chilena   |9 308278 
650 0 |a Ciencia ficción   |9 314542 
650 0 |a Literatura épica   |9 545078 
583 |a last modification  |c 20150924 21:40:42  |k Rodrigo Vera 
999 |c 349139  |d 349137 
952 |0 0  |1 0  |4 0  |6 CH_863_000000000000000_OLI_2010  |7 0  |8 A  |9 451604  |a BIBEDU  |b BIBEDU  |d 2019-11-22  |h v.1  |i 489667K  |o Ch863 OLI 2010  |p 489667K  |r 2019-11-22  |w 2019-11-22  |y BK  |k LIT